| 000 | 00931nam a22001937a 4500 | ||
|---|---|---|---|
| 999 |
_c60650 _d60650 |
||
| 003 | Ge_BSU | ||
| 005 | 20230929104412.0 | ||
| 008 | 230929s2022 ge ||||| |||| 00| 0 geo d | ||
| 020 | _a2720-8567 | ||
| 041 | _ageo | ||
| 080 | _a821.1 ყ-61 | ||
| 245 |
_aყოველი შემთხვევისთვის : _bპოეზიის ჟურნალი : ტ.2 / _cრედაქტორ-გამომცემელი: დათო ბარბაქაძე. |
||
| 264 |
_aქუთაისი : _bდეკემბერი, _c2022. |
||
| 300 |
_a303 გვ.: _bილ.; _c21 სმ. |
||
| 500 | _aეძღვნება ლოგიკოს ზურაბ მიქელაძის ნატელ ხსოვნას | ||
| 653 | _a პოეზია | ||
| 700 |
_aბარბაქაძე, დათო _eრედაქტორი. მტარგმნელი _919963 |
||
| 942 |
_2udc _cBK |
||